| 000 | 003660000a22001570004500 | ||
|---|---|---|---|
| 003 | MACL | ||
| 040 | _aMACL | ||
| 090 |
_c31823 _d31821 |
||
| 100 | _aMaheshwari, Vnod Kumar | ||
| 245 | _aPerspectives on Indian English Literature | ||
| 260 |
_bAtlantic Publishers _c2002 |
||
| 350 | _a495 | ||
| 650 | _aLitrature | ||
| 942 |
_cBOOK _k820/Mah |
||
| 951 | _o820/Mah BOOK | ||
| 999 |
_c31503 _d31503 |
||